Reasoning in Physics: the part of common sense
Guardat en:
| Autor principal: | |
|---|---|
| Format: | Llibre |
| Idioma: | anglès |
| Publicat: |
Dordrecht
Kluwer Academic Publishers
2001
|
| Matèries: | |
| Etiquetes: |
Afegir etiqueta
Sense etiquetes, Sigues el primer a etiquetar aquest registre!
|
MARC
| LEADER | 00000nam a2200000 a 4500 | ||
|---|---|---|---|
| 001 | UCG7253 | ||
| 003 | CL-VaPUC | ||
| 008 | 110701e20010000ne |||||||||||||||||eng|d | ||
| 020 | |a 1402002742 | ||
| 082 | 0 | 4 | |a 530.1 |b VIE |2 21 |
| 100 | 0 | |a Viennot, Laurence |e author |9 557959 | |
| 245 | 1 | 0 | |a Reasoning in Physics: the part of common sense |
| 300 | |a 230 p | ||
| 942 | |c BK | ||
| 945 | |d 20110701 00:00:00 |a dcastane | ||
| 260 | |a Dordrecht |b Kluwer Academic Publishers |c 2001 | ||
| 650 | 0 | |a Física teórica |9 345827 | |
| 650 | 0 | |a Física matemática |9 260981 | |
| 650 | 0 | |a Física cuántica |9 354949 | |
| 650 | 0 | |a Propagación de ondas |9 263256 | |
| 650 | 7 | |a PROPAGACION DE LUZ |2 CL-VaPUC |9 423824 | |
| 650 | 0 | |a Gravitación |9 332312 | |
| 583 | |a last modification |c 20171116 06:14:27 |k Rodrigo Vera | ||
| 999 | |c 345312 |d 345310 | ||
| 952 | |0 0 |1 0 |4 0 |6 530_100000000000000_VIE_2001 |7 0 |8 A |9 443816 |a BIBCUR |b BIBCUR |d 2019-11-22 |i 4786491 |l 2 |o 530.1 VIE 2001 |p 4786491 |r 2025-04-22 |s 2021-11-12 |w 2019-11-22 |y BK |k MDC | ||